00682nam a2200193Ia 4500020001800000082002000018100002500038245010200063260004100165300001500206440004800221504001900269650004600288650002700334650004300361650002700404650003300431700002400464 a1-59158-018-8 a025.00285 KOC-L aKochtanek, Thomas R. 0aLibrary information systems : from library automation to distributed information access solutions aGreenwoodbLibraries Unlimitedc2004 axii, 287p. aLibrary and Information Science Text Series aIncludes index aInformation storage and retrieval systems aLibraries - Automation aIntegrated library systems (Computers) ainformation technology aLibrary information networks aMatthews, Joseph R.